书目信息 |
| 题名: |
中华戏剧文化
|
|
| 作者: | 李燕 , 罗日明 主编 | |
| 分册: | ||
| 出版信息: | 北京 应急管理出版社 2021.12 |
|
| 页数: | 95页 | |
| 开本: | 24cm | |
| 丛书名: | 新时代中华传统文化知识丛书 | |
| 单 册: | ||
| 中图分类: | J805.2 | |
| 科图分类: | ||
| 主题词: | 戏剧--xi ju--介绍--中国 | |
| 电子资源: | ||
| ISBN: | 978-7-5020-8930-6 | |
| 000 | 01310nam 2200277 450 | |
| 001 | CAL 010874322 | |
| 005 | 20230217093111.0 | |
| 010 | @a978-7-5020-8930-6@dCNY29.80 | |
| 100 | @a20220221d2021 em y0chiy0120 ea | |
| 101 | 0 | @achi |
| 102 | @aCN@b110000 | |
| 105 | @aa z 000yy | |
| 106 | @ar | |
| 200 | 1 | @a中华戏剧文化@Azhong hua xi ju wen hua@f主编李燕, 罗日明 |
| 210 | @a北京@c应急管理出版社@d2021.12 | |
| 215 | @a95页@c彩图@d24cm | |
| 225 | 2 | @a新时代中华传统文化知识丛书@Axin shi dai zhong hua chuan tong wen hua zhi shi cong shu |
| 314 | @a李燕, 北方工业大学副教授, 博士, 主要从事汉语国际教育和汉文化推广工作。罗日明, 中国教育学会中学语文教学专业委员会优秀教师, 广东省教师工作室主持人、新一轮“百千万人才培养工程”首批高中文科类名教师培养对象、教辅资料评议专家, 华南师范大学文学院硕士研究生指导教师, 佛山市中小学学科带头人。 | |
| 330 | @a本书简单介绍了戏剧的种类、特点、演出形式和经典剧目等, 让读者在了解戏剧知识的基础上, 传承和发展戏剧文化。全书共分三章, 主要内容包括: 什么是中国古典戏剧 ; 中国古典戏剧的发展 ; 多姿多彩的地方戏剧。 | |
| 410 | 0 | @12001 @a新时代中华传统文化知识丛书 |
| 606 | 0 | @a戏剧@Axi ju@x介绍@y中国 |
| 690 | @aJ805.2@v5 | |
| 701 | 0 | @a李燕@Ali yan@4主编 |
| 701 | 0 | @a罗日明@Aluo ri ming@4主编 |
| 801 | 0 | @aCN@bBJXHZP@c20230228 |
| 905 | @b1406151-4@dJ805.2@e160@f4 | |
| 中华戏剧文化/主编李燕, 罗日明.-北京:应急管理出版社,2021.12 |
| 95页:彩图;24cm.-(新时代中华传统文化知识丛书) |
| ISBN 978-7-5020-8930-6:CNY29.80 |
| 本书简单介绍了戏剧的种类、特点、演出形式和经典剧目等, 让读者在了解戏剧知识的基础上, 传承和发展戏剧文化。全书共分三章, 主要内容包括: 什么是中国古典戏剧 ; 中国古典戏剧的发展 ; 多姿多彩的地方戏剧。 |
| ● |
| 相关链接 |
|
|
|
|
正题名:中华戏剧文化
索取号:J805.2/160
 
预约/预借
| 序号 | 登录号 | 条形码 | 馆藏地/架位号 | 状态 | 备注 |
| 1 | 1406151 | 214061511 | 第一样本阅览室/ [索取号:J805.2/160] | 在馆 | |
| 2 | 1406152 | 214061520 | 第一借阅区/ [索取号:J805.2/160] | 在馆 | |
| 3 | 1406153 | 214061539 | 第一借阅区/ [索取号:J805.2/160] | 在馆 | |
| 4 | 1406154 | 214061548 | 第一借阅区/ [索取号:J805.2/160] | 在馆 |